00889cam a2200241u 450000100060000000300080000600500170001400800390003103500190007004000330008904100080012208200220013010000350015224500740018726000670026130000270032849000770035550400200043265100250045294200120047799900170048995201410050626370BD-RjUL20211209051016.0140322s1959 xx 001 0 eng a(BD-RjUL)26440 aDLCcCarPdDLCdBD-RjULbeng aeng a954.023bCHP 19591 aChandra, Satish,d1922-94255510aParties and politics at the Mughal Court, 1707-1740 /cSatish Chandra aAligarh :bDept. of History, Aligarh Muslim University,c1959. axiii, 309 p. ;c26 cm.0 aPublication / Department of History, Aligarh Muslim University ;vno. 15 aIncludes index. 0aMogul Empire.981087 2ddccBK c26370d26370 00102ddc40728NFICaRUCLbRUCLcReadingd1963-12-16eZeitlingerg40.00l0o954.023 CHP 1959r2014-03-22 00:00:00tC-1w2014-03-22yBK